00603cam a22001937a 4500003000500000005001700005008004100022010001000063011001000073035001000083040000900093100002100102245010300123500007800226650002400304650002300328700003500351700002300386CHAP20220329141533.0971013s r 00010 d a69805 a70777 a80330 cCHAP00aKoester, Ulrich.14aThe EC's potential role in food security for LDC'Sb: adjustments in its STABEX and Stock policies aSobretiro de: European Review of Agricultural Economics 11: 415-437, 198414aCerealesxMercadeo.14aCerealesxPrecios.0 aComunidad Económica Europea.0 aValdés, Alberto.